<?xml version="1.0" encoding="UTF-8"?>
<record
    xmlns:xsi="http://www.w3.org/2001/XMLSchema-instance"
    xsi:schemaLocation="http://www.loc.gov/MARC21/slim http://www.loc.gov/standards/marcxml/schema/MARC21slim.xsd"
    xmlns="http://www.loc.gov/MARC21/slim">

  <leader>01941nam a2200349 a 4500</leader>
  <controlfield tag="001">000007413</controlfield>
  <controlfield tag="003">DO-SdBPM</controlfield>
  <controlfield tag="005">20251009102828.0</controlfield>
  <controlfield tag="007">ta</controlfield>
  <controlfield tag="008">090908s2001    dr a     001 0 spa d</controlfield>
  <datafield tag="040" ind1=" " ind2=" ">
    <subfield code="a">DO-SdBPM</subfield>
    <subfield code="b">spa</subfield>
    <subfield code="c">BPMSU</subfield>
    <subfield code="e">rda</subfield>
    <subfield code="d"> </subfield>
  </datafield>
  <datafield tag="082" ind1=" " ind2="4">
    <subfield code="a">868.44</subfield>
    <subfield code="b">C117c 2001</subfield>
    <subfield code="2">22</subfield>
  </datafield>
  <datafield tag="100" ind1="1" ind2=" ">
    <subfield code="a">Cabral, Manuel del</subfield>
    <subfield code="d">1907-1999. </subfield>
    <subfield code="c">autor</subfield>
  </datafield>
  <datafield tag="245" ind1="1" ind2="0">
    <subfield code="a">Con el permiso del guardi&#xE1;n del tiempo :</subfield>
    <subfield code="b">textos in&#xE9;ditos /</subfield>
    <subfield code="c">Manuel del Cabral ; pr&#xF3;logo Di&#xF3;genes C&#xE9;spedes ; presentaci&#xF3;n Carlos Esteban Deive.</subfield>
  </datafield>
  <datafield tag="264" ind1=" " ind2=" ">
    <subfield code="a">Santo Domingo :</subfield>
    <subfield code="b">Comisi&#xF3;n Permanente de la Feria del Libro,</subfield>
    <subfield code="c">2001.</subfield>
  </datafield>
  <datafield tag="300" ind1=" " ind2=" ">
    <subfield code="a">247 p&#xE1;ginas :</subfield>
    <subfield code="b">ilustraciones ;</subfield>
    <subfield code="c"> 26 cm. </subfield>
  </datafield>
  <datafield tag="336" ind1=" " ind2=" ">
    <subfield code="a">texto</subfield>
    <subfield code="b">txt</subfield>
    <subfield code="2">rdacontent</subfield>
  </datafield>
  <datafield tag="337" ind1=" " ind2=" ">
    <subfield code="a">sin mediaci&#xF3;n </subfield>
    <subfield code="b">n</subfield>
    <subfield code="2">rdamedia </subfield>
  </datafield>
  <datafield tag="338" ind1=" " ind2=" ">
    <subfield code="a">volumen </subfield>
    <subfield code="b">nc</subfield>
    <subfield code="2">rdacarrier</subfield>
  </datafield>
  <datafield tag="500" ind1=" " ind2=" ">
    <subfield code="a">Esta edici&#xF3;n fue realizada con motivo de la IV Feria Internacional del Libro Santo Domingo 2001 en homenaje a Manuel del Cabral</subfield>
  </datafield>
  <datafield tag="500" ind1=" " ind2=" ">
    <subfield code="a">Incluye datos biogr&#xE1;ficos del autor en la solapa de la cubierta</subfield>
  </datafield>
  <datafield tag="505" ind1="2" ind2=" ">
    <subfield code="t">Presentaci&#xF3;n -- </subfield>
    <subfield code="t">En homenaje a Manuel del Cabral / </subfield>
    <subfield code="r">Carlos Esteban Deive --</subfield>
    <subfield code="t"> Pr&#xF3;logo / </subfield>
    <subfield code="r">Di&#xF3;genes C&#xE9;spedes -- </subfield>
    <subfield code="t">El exterior -- </subfield>
    <subfield code="t">Un homenaje -- </subfield>
    <subfield code="t">Do&#xF1;a V&#xED;ctoria / </subfield>
    <subfield code="r">sur y Cabral -- </subfield>
    <subfield code="t">Una par&#xE1;bola y dos an&#xE9;cdotas -- </subfield>
    <subfield code="t">Don Pedro y Trujillo -- </subfield>
    <subfield code="t">Trujillo, MArio y un "Del" -- </subfield>
    <subfield code="t">Cuatro en la lista negra -- </subfield>
    <subfield code="t">5 retablos al borde de la s&#xE1;tira -- </subfield>
    <subfield code="t">Dos retratos con lejan&#xED;as y una s&#xE1;tira terrestre -- </subfield>
    <subfield code="t">6 retratos con s&#xE1;tira pero un poco sin ella -- </subfield>
    <subfield code="t">Un homenaje a Machado -- </subfield>
    <subfield code="t">La cultura del diablo.</subfield>
  </datafield>
  <datafield tag="590" ind1=" " ind2=" ">
    <subfield code="a">Inventariado, 2025/VM</subfield>
  </datafield>
  <datafield tag="600" ind1="1" ind2="7">
    <subfield code="a">Cabral, Manuel del,</subfield>
    <subfield code="d">1907-1999 </subfield>
    <subfield code="v">Colecciones de escritos </subfield>
  </datafield>
  <datafield tag="650" ind1=" " ind2="7">
    <subfield code="a">Poes&#xED;a dominicana</subfield>
    <subfield code="2"> </subfield>
  </datafield>
  <datafield tag="650" ind1=" " ind2="7">
    <subfield code="a">Ensayos dominicanos</subfield>
  </datafield>
  <datafield tag="650" ind1=" " ind2="7">
    <subfield code="a">Poetas dominicanos </subfield>
    <subfield code="v">Colecciones de escritos.  </subfield>
  </datafield>
  <datafield tag="700" ind1="1" ind2=" ">
    <subfield code="a">C&#xE9;spedes, Di&#xF3;genes</subfield>
    <subfield code="e">pr&#xF3;logo</subfield>
  </datafield>
  <datafield tag="700" ind1="1" ind2=" ">
    <subfield code="a">Deive, Carlos Esteban </subfield>
    <subfield code="e">presentaci&#xF3;n </subfield>
  </datafield>
  <datafield tag="910" ind1=" " ind2=" ">
    <subfield code="a">VMateo V. Control de calidad. BPMSU</subfield>
  </datafield>
  <datafield tag="942" ind1=" " ind2=" ">
    <subfield code="2">ddc</subfield>
    <subfield code="c">BK</subfield>
  </datafield>
  <datafield tag="952" ind1=" " ind2=" ">
    <subfield code="0">0</subfield>
    <subfield code="1">0</subfield>
    <subfield code="2">ddc</subfield>
    <subfield code="7">0</subfield>
    <subfield code="8">CD</subfield>
    <subfield code="a">BPMET</subfield>
    <subfield code="b">BPMET</subfield>
    <subfield code="d">2015-07-22</subfield>
    <subfield code="l">0</subfield>
    <subfield code="o">BPMSU CD  868.44 C117c 2001</subfield>
    <subfield code="p">BPMSU15070328</subfield>
    <subfield code="r">2015-07-22</subfield>
    <subfield code="w">2015-07-22</subfield>
    <subfield code="y">BK</subfield>
  </datafield>
  <datafield tag="999" ind1=" " ind2=" ">
    <subfield code="c">7998</subfield>
    <subfield code="d">7998</subfield>
  </datafield>
</record>
